Export afgerond — 

Logistics and supply chain management : strategies for reducing costs and improving services

Enregistré dans:
Détails bibliographiques
Auteur principal: Christopher, Martin
Format: Livre
Langue:Undetermined
Publié: London Financial Times,Pitman Pub., 1992
Sujets:
Tags: Ajouter un tag
Pas de tags, Soyez le premier à ajouter un tag!
Thư viện lưu trữ: Trung tâm Học liệu Trường Đại học Cần Thơ
LEADER 00636nam a2200205Ia 4500
001 CTU_95175
008 210402s9999 xx 000 0 und d
082 |a 658.5 
082 |b C556 
100 |a Christopher, Martin 
245 0 |a Logistics and supply chain management : 
245 0 |b strategies for reducing costs and improving services 
245 0 |c Martin Christopher. 
260 |a London 
260 |b Financial Times,Pitman Pub., 
260 |c 1992 
650 |a Business logistics,Delivery of goods 
650 |x Cost effectiveness.,Management. 
904 |i Năm 
980 |a Trung tâm Học liệu Trường Đại học Cần Thơ